[Event "First Saturday GM Feb 2014"]
[Site "Budapest"]
[Date "2014.02.01"]
[Round "1.1"]
[White "Szabo, Krisztian"]
[Black "Nikcevic, Nebojsa"]
[Result "1/2-1/2"]
[WhiteElo "2564"]
[BlackElo "2429"]
[PlyCount "49"]
[EventDate "2014.02.01"]

1. e4 e5 2. Nf3 Nc6 3. Bb5 a6 4. Ba4 Nf6 5. O-O Be7 6. Re1 b5 7. Bb3 d6 8. c3
O-O 9. h3 Na5 10. Bc2 c5 11. d4 Qc7 12. Nbd2 cxd4 13. cxd4 Rd8 14. b3 Nc6 15.
Bb2 exd4 16. Nxd4 Nxd4 17. Bxd4 Bb7 18. Rc1 Qa5 19. Nf1 d5 20. e5 Ne4 21. f3
Ba3 22. Rb1 Ng5 23. Qd3 g6 24. Ne3 Ne6 25. Ng4 1/2-1/2

[Event "First Saturday GM Feb 2014"]
[Site "Budapest"]
[Date "2014.02.01"]
[Round "1.2"]
[White "Skytte, Rasmus"]
[Black "Kantor, Gergely"]
[Result "1/2-1/2"]
[WhiteElo "2416"]
[BlackElo "2328"]
[PlyCount "41"]
[EventDate "2014.02.01"]

1. e4 c5 2. Nc3 Nc6 3. Bb5 Nd4 4. Bc4 e6 5. Nf3 a6 6. d3 b5 7. Bb3 Nxb3 8. axb3
Bb7 9. O-O d6 10. d4 Nf6 11. dxc5 dxc5 12. Qe2 b4 13. Na4 Nxe4 14. Bf4 Qf6 15.
Qe3 Rd8 16. Rfe1 Be7 17. Nb6 e5 18. Nxe5 Qd6 19. Nbc4 Qe6 20. f3 Nf6 21. Qf2
1/2-1/2

[Event "First Saturday GM Feb 2014"]
[Site "Budapest"]
[Date "2014.02.01"]
[Round "1.3"]
[White "Czebe, Attila"]
[Black "Drozdowski, Kacper"]
[Result "0-1"]
[WhiteElo "2452"]
[BlackElo "2466"]
[PlyCount "74"]
[EventDate "2014.02.01"]

1. e4 c5 2. Nf3 e6 3. g3 Nc6 4. Bg2 d5 5. exd5 exd5 6. d4 Bg4 7. O-O Nf6 8.
Re1+ Be7 9. dxc5 O-O 10. Nbd2 Bxc5 11. Nb3 Bb6 12. c3 Re8 13. h3 Bh5 14. g4 Bg6
15. Nbd4 Ne4 16. Be3 Na5 17. Nd2 Qf6 18. Nxe4 Bxe4 19. f3 Bg6 20. Qa4 h6 21.
Bf2 Rec8 22. Re2 Nc6 23. Nxc6 Bxf2+ 24. Rxf2 bxc6 25. f4 Re8 26. f5 Bh7 27. Qd4
Re5 28. Rff1 Qe7 29. c4 Re8 30. cxd5 cxd5 31. Rad1 Kh8 32. Bxd5 Rd8 33. Qc4 Re2
34. Qc3 Qd6 35. Bg2 Qxd1 36. Rxd1 Rxd1+ 37. Bf1 Ree1 0-1

[Event "First Saturday GM Feb 2014"]
[Site "Budapest"]
[Date "2014.02.01"]
[Round "1.4"]
[White "Nguyen, Huynh Minh Huy"]
[Black "Wang, Puchen"]
[Result "0-1"]
[WhiteElo "2466"]
[BlackElo "2458"]
[PlyCount "150"]
[EventDate "2014.02.01"]

1. d4 d5 2. c4 c6 3. Nf3 Nf6 4. Qb3 dxc4 5. Qxc4 Bf5 6. g3 e6 7. Bg2 Nbd7 8.
O-O Be7 9. e3 O-O 10. Rd1 Rc8 11. Qe2 Ne4 12. Nfd2 Nxd2 13. Nxd2 Bc2 14. Re1
Bg6 15. b3 e5 16. Bb2 exd4 17. Bxd4 Bf6 18. Bxf6 Nxf6 19. e4 Qd4 20. Nc4 Rcd8
21. e5 Bd3 22. Qe3 Bxc4 23. bxc4 Qxe3 24. Rxe3 Nd7 25. Rb1 Rb8 26. Ra3 a6 27.
Ra5 Rfd8 28. f4 Kf8 29. Be4 h6 30. Kf2 Ke7 31. Ke3 f6 32. exf6+ Nxf6 33. Bf5
Kd6 34. g4 Kc7 35. Re5 Re8 36. Rd1 Rxe5+ 37. fxe5 Re8 38. e6 g6 39. Bxg6 Rxe6+
40. Kf4 Nxg4 41. Bf5 Ne3 42. Bxe6 Nxd1 43. c5 Nb2 44. Kg4 Nd3 45. Bf5 Nxc5 46.
Kh5 Kd6 47. Kxh6 Ke5 48. Kg6 Ne6 49. Bxe6 Kxe6 50. h4 Ke7 51. Kg7 c5 52. h5 c4
53. h6 c3 54. h7 c2 55. h8=Q c1=Q 56. Qh4+ Kd7 57. Qd4+ Kc6 58. Kf6 Qc5 59. Qb2
Qd6+ 60. Kf5 Qd3+ 61. Kf4 b5 62. a3 Kc5 63. Qb4+ Kd5 64. Qa5 Qe4+ 65. Kg3 Qe3+
66. Kg4 Qe6+ 67. Kf3 Kd4 68. Qd2+ Kc5 69. Qa5 Kc4 70. Qb4+ Kd3 71. Qb1+ Kc3 72.
Qb4+ Kc2 73. Kf2 Qf7+ 74. Ke1 Qb3 75. Qd6 Qe3+ 0-1

[Event "First Saturday GM Feb 2014"]
[Site "Budapest"]
[Date "2014.02.01"]
[Round "1.5"]
[White "Lundin, Jan"]
[Black "Korpa, Bence"]
[Result "1/2-1/2"]
[WhiteElo "2320"]
[BlackElo "2403"]
[PlyCount "100"]
[EventDate "2014.02.01"]

1. d4 d5 2. Nf3 Nf6 3. c4 c6 4. e3 Bf5 5. Nc3 e6 6. Bd3 Bg6 7. O-O Nbd7 8. Re1
Bb4 9. h3 O-O 10. Bxg6 hxg6 11. Qb3 a5 12. Rd1 b6 13. Bd2 Qe7 14. cxd5 cxd5 15.
Rac1 Rfc8 16. Be1 Rc4 17. Nd2 a4 18. Qc2 Rc7 19. Qd3 a3 20. b3 Rac8 21. Ne2 e5
22. Rxc7 Rxc7 23. Qb1 exd4 24. Nxd4 Ne5 25. N2f3 Bxe1 26. Rxe1 Nxf3+ 27. gxf3
Qc5 28. Rd1 Nd7 29. Qd3 Ne5 30. Qa6 g5 31. b4 Qxb4 32. Qa8+ Kh7 33. Qxd5 Qc5
34. Qe4+ g6 35. h4 gxh4 36. Qxh4+ Kg7 37. Kg2 Qe7 38. Qxe7 Rxe7 39. Rb1 Nc4 40.
Rb4 Rc7 41. f4 Rc5 42. Kf3 Nd2+ 43. Kg2 Rc1 44. Ra4 Rc3 45. Ra6 Nc4 46. Kf3 Rd3
47. Ra4 Nb2 48. Ra6 Nc4 49. Ra4 Nb2 50. Ra6 Nc4 1/2-1/2

[Event "First Saturday GM Feb 2014"]
[Site "Budapest"]
[Date "2014.02.02"]
[Round "2.1"]
[White "Nikcevic, Nebojsa"]
[Black "Korpa, Bence"]
[Result "1/2-1/2"]
[WhiteElo "2429"]
[BlackElo "2403"]
[PlyCount "58"]
[EventDate "2014.02.01"]

1. c4 c6 2. Nf3 d5 3. e3 Nf6 4. Nc3 Bf5 5. cxd5 cxd5 6. Qb3 Bc8 7. d4 Nc6 8.
Ne5 e6 9. f4 Be7 10. Bd3 O-O 11. O-O Bd7 12. Bd2 Rc8 13. Rf3 Na5 14. Qd1 Nc4
15. Rh3 g6 16. Bxc4 dxc4 17. a4 Bc6 18. Qe2 Bb4 19. Be1 Bxc3 20. Bxc3 Bd5 21.
Nf3 Ne4 22. Ng5 f5 23. Nxh7 Rf7 24. Ng5 Nxg5 25. fxg5 Qxg5 26. Rg3 Qh6 27. Rh3
Qg5 28. Rg3 Qh6 29. Rh3 Qg5 1/2-1/2

[Event "First Saturday GM Feb 2014"]
[Site "Budapest"]
[Date "2014.02.02"]
[Round "2.3"]
[White "Drozdowski, Kacper"]
[Black "Nguyen, Huynh Minh Huy"]
[Result "1-0"]
[WhiteElo "2466"]
[BlackElo "2466"]
[PlyCount "75"]
[EventDate "2014.02.01"]

1. e4 c5 2. Nf3 e6 3. d4 cxd4 4. Nxd4 a6 5. Bd3 Bc5 6. Nb3 Ba7 7. Qg4 Nf6 8.
Qg3 d6 9. Nc3 Nc6 10. Bg5 h6 11. Bd2 Nh5 12. Qg4 g6 13. Qe2 b5 14. a3 Ne5 15.
g4 Nf6 16. h3 Bb7 17. O-O-O Rc8 18. f4 Nc4 19. Rhe1 Qc7 20. Kb1 Nxd2+ 21. Qxd2
Bb8 22. Qe3 Nd7 23. h4 Qb6 24. Qe2 Bc6 25. e5 d5 26. f5 Nxe5 27. fxe6 fxe6 28.
Bxg6+ Kd8 29. Nd4 Bd7 30. Nxe6+ Qxe6 31. Bf5 Qf7 32. Nxd5 Rc6 33. Nb4 Rf6 34.
Nxa6 Bd6 35. Nc5 Bxf5 36. gxf5 Nc4 37. Qe4 Qa7 38. Qc6 1-0

[Event "First Saturday GM Feb 2014"]
[Site "Budapest"]
[Date "2014.02.02"]
[Round "2.4"]
[White "Kantor, Gergely"]
[Black "Czebe, Attila"]
[Result "1-0"]
[WhiteElo "2328"]
[BlackElo "2452"]
[PlyCount "73"]
[EventDate "2014.02.01"]

1. d4 d6 2. Nf3 g6 3. c4 Bg7 4. e4 Nd7 5. Nc3 e5 6. Be2 Ngf6 7. O-O O-O 8. Be3
Ng4 9. Bg5 f6 10. Bd2 Nh6 11. Rc1 Nf7 12. b4 Re8 13. d5 a5 14. a3 axb4 15. axb4
c5 16. dxc6 bxc6 17. Qb3 Nb6 18. b5 cxb5 19. Nxb5 Na4 20. Bb4 Nc5 21. Qc2 f5
22. Nd2 Bh6 23. Rcd1 Qb6 24. Bd3 Bxd2 25. Rxd2 f4 26. Rfd1 Bg4 27. Be2 Bxe2 28.
Rxe2 f3 29. gxf3 Re6 30. Qd2 Nb3 31. Qe3 Nd4 32. Rb2 Rb8 33. Nxd4 exd4 34. Rxd4
Qa7 35. Kg2 Qa1 36. Rdd2 Ne5 37. Bc3 1-0

[Event "First Saturday GM Feb 2014"]
[Site "Budapest"]
[Date "2014.02.02"]
[Round "2.5"]
[White "Szabo, Krisztian"]
[Black "Skytte, Rasmus"]
[Result "1-0"]
[WhiteElo "2564"]
[BlackElo "2416"]
[PlyCount "73"]
[EventDate "2014.02.01"]

1. e4 c5 2. Nf3 d6 3. d4 cxd4 4. Nxd4 Nf6 5. Nc3 g6 6. Be3 Bg7 7. f3 O-O 8. Qd2
Nc6 9. g4 Nxd4 10. Bxd4 Be6 11. h4 Qa5 12. h5 Rfc8 13. a3 Rab8 14. Rh2 a6 15.
hxg6 hxg6 16. O-O-O b5 17. Qg5 d5 18. e5 Nd7 19. Na2 b4 20. Nxb4 Qa4 21. Nxa6
Rb3 22. c3 Nb6 23. Nb4 Rxb4 24. axb4 Qxb4 25. Rc2 Qb3 26. f4 Na4 27. f5 Nxb2
28. fxe6 Ra8 29. exf7+ Kf8 30. Bc5 Kxf7 31. Bd3 Nxd1 32. Qxg6+ Kg8 33. Qh7+ Kf7
34. Bg6+ Kf8 35. Bxe7+ Kxe7 36. Qxg7+ Ke6 37. Bf5# 1-0

[Event "First Saturday GM Feb 2014"]
[Site "Budapest"]
[Date "2014.02.03"]
[Round "3.1"]
[White "Skytte, Rasmus"]
[Black "Nikcevic, Nebojsa"]
[Result "1-0"]
[WhiteElo "2416"]
[BlackElo "2429"]
[PlyCount "27"]
[EventDate "2014.02.01"]

1. d4 Nf6 2. c4 e6 3. Nf3 b6 4. g3 Ba6 5. Nbd2 c5 6. Bg2 Bb7 7. e4 Nxe4 8. Ne5
d5 9. cxd5 exd5 10. Qa4+ Ke7 11. Nxe4 dxe4 12. dxc5 Qd5 13. Bf4 f5 14. Bg5+ 1-0

[Event "First Saturday GM Feb 2014"]
[Site "Budapest"]
[Date "2014.02.03"]
[Round "3.2"]
[White "Czebe, Attila"]
[Black "Szabo, Krisztian"]
[Result "1/2-1/2"]
[WhiteElo "2452"]
[BlackElo "2564"]
[PlyCount "24"]
[EventDate "2014.02.01"]

1. c4 g6 2. g3 Bg7 3. Bg2 e5 4. Nc3 d6 5. d3 f5 6. e4 Nc6 7. Nge2 Nf6 8. O-O
O-O 9. h3 Be6 10. Nd5 Qd7 11. Kh2 Rae8 12. Bg5 Kh8 1/2-1/2

[Event "First Saturday GM Feb 2014"]
[Site "Budapest"]
[Date "2014.02.03"]
[Round "3.3"]
[White "Nguyen, Huynh Minh Huy"]
[Black "Kantor, Gergely"]
[Result "1-0"]
[WhiteElo "2466"]
[BlackElo "2328"]
[PlyCount "103"]
[EventDate "2014.02.01"]

1. d4 d5 2. Nf3 Nf6 3. c4 c6 4. Qb3 dxc4 5. Qxc4 Bf5 6. g3 e6 7. Bg2 Be7 8. O-O
O-O 9. e3 Nbd7 10. Rd1 Qc7 11. Nc3 e5 12. dxe5 Nxe5 13. Nxe5 Qxe5 14. e4 Be6
15. Qe2 Bc5 16. Bf4 Qh5 17. Qxh5 Nxh5 18. Na4 Nxf4 19. Nxc5 Nxg2 20. Kxg2 Bc8
21. Rd6 b6 22. Na4 c5 23. Nc3 Bb7 24. f3 Rfe8 25. Rad1 g6 26. g4 h6 27. Kg3 Re7
28. h4 Kg7 29. Kf4 Rc8 30. Rd7 Rce8 31. g5 hxg5+ 32. hxg5 Bc6 33. Rxe7 Rxe7 34.
Rd6 Rc7 35. Nd1 Bd7 36. Ke5 Be6 37. Ne3 Rb7 38. Rd8 b5 39. Kd6 b4 40. Nd5 Bxd5
41. exd5 c4 42. Rc8 Rb6+ 43. Ke5 c3 44. bxc3 bxc3 45. Rxc3 Rb2 46. Kd6 Rxa2 47.
Kc7 Rd2 48. d6 f6 49. gxf6+ Kxf6 50. d7 Ke5 51. d8=Q Rxd8 52. Kxd8 1-0

[Event "First Saturday GM Feb 2014"]
[Site "Budapest"]
[Date "2014.02.03"]
[Round "3.4"]
[White "Lundin, Jan"]
[Black "Drozdowski, Kacper"]
[Result "0-1"]
[WhiteElo "2320"]
[BlackElo "2466"]
[PlyCount "44"]
[EventDate "2014.02.01"]

1. Nf3 Nf6 2. c4 g6 3. Nc3 d5 4. Qa4+ Bd7 5. Qb3 dxc4 6. Qxc4 Bg7 7. e4 O-O 8.
e5 Ne8 9. Qh4 c5 10. Bc4 Nc7 11. d4 cxd4 12. Bh6 dxc3 13. Ng5 Be6 14. O-O Bxc4
15. Rad1 Bd5 16. Rd3 f6 17. Ne4 g5 18. Bxg5 fxg5 19. Nxg5 h6 20. Ne4 e6 21. Qg4
Nd7 22. Rg3 Qe7 0-1

[Event "First Saturday GM Feb 2014"]
[Site "Budapest"]
[Date "2014.02.03"]
[Round "3.5"]
[White "Korpa, Bence"]
[Black "Wang, Puchen"]
[Result "1-0"]
[WhiteElo "2403"]
[BlackElo "2458"]
[PlyCount "141"]
[EventDate "2014.02.01"]

1. c4 Nf6 2. Nc3 g6 3. g3 Bg7 4. Bg2 O-O 5. d4 d6 6. Nf3 Nbd7 7. O-O e5 8. e4
Re8 9. h3 a6 10. Be3 Rb8 11. Qc2 exd4 12. Nxd4 c5 13. Nde2 b5 14. Rad1 Qe7 15.
Bf4 Ne5 16. Bg5 Qf8 17. cxb5 axb5 18. Nf4 b4 19. Ncd5 Nxd5 20. Nxd5 Bxh3 21. f4
Bxg2 22. Kxg2 Ng4 23. f5 Bh6 24. Qe2 Bxg5 25. Qxg4 Bd8 26. Rf2 Qh6 27. Rdf1 Qg5
28. Qe2 Rf8 29. Qc4 Kg7 30. Qa6 Bf6 31. fxg6 Be5 32. Rxf7+ Rxf7 33. Rxf7+ Kxg6
34. Rf3 Rg8 35. Qb7 Kh6 36. Ne3 Rf8 37. Nf5+ Rxf5 38. exf5 Qd2+ 39. Rf2 Qd4 40.
Qf3 Kg7 41. b3 Kf6 42. Qa8 Kg7 43. Qb7+ Kh6 44. Qf7 Qe4+ 45. Kh3 Qh1+ 46. Rh2
Qf3 47. Rg2 Qd3 48. Qe6+ Kg7 49. f6+ Bxf6 50. Rf2 Qd4 51. Rf4 Qe5 52. Rg4+ Kh6
53. Qxe5 Bxe5 54. Kg2 Bf6 55. Kf3 d5 56. Kf4 Bb2 57. Kf5 Bc3 58. Rg8 Be1 59.
Rc8 Bf2 60. Rc7 Bg1 61. g4 Be3 62. g5+ Bxg5 63. Rxc5 d4 64. Rc6+ Kh5 65. Rc2 d3
66. Rh2+ Bh4 67. Rd2 Be1 68. Rh2+ Bh4 69. Rd2 Be1 70. Rxd3 Kh4 71. Rd1 1-0

[Event "First Saturday GM Feb 2014"]
[Site "Budapest"]
[Date "2014.02.04"]
[Round "4.1"]
[White "Nikcevic, Nebojsa"]
[Black "Wang, Puchen"]
[Result "1/2-1/2"]
[WhiteElo "2429"]
[BlackElo "2458"]
[PlyCount "54"]
[EventDate "2014.02.01"]

1. Nf3 d5 2. c4 e6 3. d4 Nf6 4. Nc3 c6 5. e3 Nbd7 6. Bd3 dxc4 7. Bxc4 b5 8. Bd3
Bd6 9. O-O O-O 10. a3 Bb7 11. Ng5 e5 12. Qc2 h6 13. Nge4 Bc7 14. b4 a5 15. Bb2
Qe7 16. dxe5 Bxe5 17. Nxf6+ Nxf6 18. Ne2 axb4 19. axb4 Bxb2 20. Qxb2 Nd5 21.
Nd4 Qxb4 22. Qxb4 Nxb4 23. Be4 Rfe8 24. Bf3 Rab8 25. Rfc1 Nd3 26. Bxc6 Rec8 27.
Rd1 Bxc6 1/2-1/2

[Event "First Saturday GM Feb 2014"]
[Site "Budapest"]
[Date "2014.02.04"]
[Round "4.2"]
[White "Drozdowski, Kacper"]
[Black "Korpa, Bence"]
[Result "1/2-1/2"]
[WhiteElo "2466"]
[BlackElo "2403"]
[PlyCount "231"]
[EventDate "2014.02.01"]

1. c4 c6 2. e4 d5 3. cxd5 cxd5 4. exd5 Nf6 5. Qa4+ Nbd7 6. Nc3 g6 7. Nf3 Bg7 8.
Bc4 a6 9. d3 O-O 10. Qa3 b6 11. O-O Bb7 12. Re1 Re8 13. h3 b5 14. Bb3 Nb6 15.
d6 Qxd6 16. Ng5 Nbd5 17. Qxd6 exd6 18. Bd2 h6 19. Nge4 Nxe4 20. Nxe4 Be5 21.
Bxh6 Nf6 22. Nc3 Rac8 23. Bd2 Nd7 24. a3 Nc5 25. Bc2 Ne6 26. Bd1 Nc5 27. Re3
Bxc3 28. Bxc3 Rxe3 29. fxe3 Nxd3 30. Bf3 Bxf3 31. gxf3 Ne5 32. Kf2 Nc4 33. Rc1
a5 34. Bxa5 Re8 35. Bc3 f5 36. Bd4 d5 37. h4 Kf7 38. Rh1 Re7 39. Rc1 Rb7 40.
Kg3 Ke6 41. Ra1 Nd2 42. Bc3 Nb3 43. Rh1 Rh7 44. Rh2 Rh5 45. Bb4 Na1 46. Bc5 Nb3
47. Bb6 Rh7 48. Rc2 Kd6 49. Rc3 Nd2 50. Bc5+ Ke6 51. Bb4 f4+ 52. exf4 Nc4 53.
b3 d4 54. Rc1 Ne3 55. Rc6+ Kf5 56. Rc5+ Ke6 57. Re5+ Kf6 58. Rxb5 Nf5+ 59. Kg2
Rxh4 60. Rb6+ Kf7 61. Bd2 Rh8 62. a4 Re8 63. Kf1 d3 64. Rb7+ Kg8 65. Rd7 Ng3+
66. Kg2 Re2+ 67. Kxg3 Rxd2 68. a5 Ra2 69. Rxd3 Rxa5 70. b4 Rb5 71. Rd4 Kf7 72.
Re4 Rd5 73. Kf2 Rd3 74. Ke2 Rb3 75. Kf2 Kf6 76. Kg3 Rb1 77. Rc4 Ke6 78. Rd4 Kf6
79. Re4 Rb2 80. Rc4 Rb1 81. Rc6+ Kf5 82. Rc5+ Kf6 83. Rb5 Rb2 84. Rb8 Rb1 85.
b5 Kf5 86. b6 Kf6 87. Kf2 Rb3 88. Ke2 Kg7 89. b7 Rb1 90. Kd3 Kh7 91. Ke4 Rb5
92. f5 gxf5+ 93. Kf4 Kg7 94. Kg5 Kh7 95. f4 Kg7 96. Kh4 Rb3 97. Kh5 Rb1 98. Kg5
Rb5 99. Rc8 Rxb7 100. Kxf5 Kf7 101. Kg5 Rb1 102. Rc7+ Kf8 103. Rd7 Rb5+ 104.
Kf6 Rb6+ 105. Kf5 Ra6 106. Kg5 Ra5+ 107. f5 Ra6 108. Rh7 Rb6 109. Rh6 Rxh6 110.
Kxh6 Kf7 111. Kg5 Kg7 112. f6+ Kf7 113. Kf5 Kf8 114. Ke6 Ke8 115. f7+ Kf8 116.
Kf6 1/2-1/2

[Event "First Saturday GM Feb 2014"]
[Site "Budapest"]
[Date "2014.02.04"]
[Round "4.3"]
[White "Kantor, Gergely"]
[Black "Lundin, Jan"]
[Result "1-0"]
[WhiteElo "2328"]
[BlackElo "2320"]
[PlyCount "111"]
[EventDate "2014.02.01"]

1. d4 d5 2. c4 e6 3. Nc3 c5 4. cxd5 exd5 5. Nf3 Nc6 6. g3 Nf6 7. Bg2 Be7 8. O-O
O-O 9. dxc5 d4 10. Na4 Bf5 11. Bf4 Be4 12. Rc1 Qd5 13. Qb3 Qxb3 14. axb3 Rad8
15. Bd2 Bd5 16. b4 Bb3 17. Ra1 Bc4 18. Nh4 g6 19. b3 Bb5 20. Nb2 Nd5 21. Bxd5
Rxd5 22. Nc4 Re8 23. Ng2 Bf8 24. Nf4 Rd7 25. Rfe1 f6 26. Na3 a6 27. Nxb5 axb5
28. Nd3 h5 29. h4 Kh7 30. Kf1 Bh6 31. Bxh6 Kxh6 32. Ra2 g5 33. hxg5+ fxg5 34.
f3 Rde7 35. Kf2 Re3 36. Rd1 Ne7 37. Rdd2 Nd5 38. Ra7 R8e7 39. Ra8 h4 40. gxh4
gxh4 41. Rd8 Nc3 42. Nf4 h3 43. Rh8+ Kg5 44. Nxh3+ Kf6 45. Nf4 Kg5 46. Rxd4
Nxe2 47. Rh5+ Kf6 48. Nd5+ Kg6 49. Nxe7+ Rxe7 50. Rdd5 Nc1 51. Rhg5+ Kh6 52.
Rg4 Re2+ 53. Kg3 Rb2 54. Rd6+ Kh5 55. Rd8 Ne2+ 56. Kh3 1-0

[Event "First Saturday GM Feb 2014"]
[Site "Budapest"]
[Date "2014.02.04"]
[Round "4.4"]
[White "Szabo, Krisztian"]
[Black "Nguyen, Huynh Minh Huy"]
[Result "0-1"]
[WhiteElo "2564"]
[BlackElo "2466"]
[PlyCount "96"]
[EventDate "2014.02.01"]

1. e4 c5 2. Nf3 e6 3. d4 cxd4 4. Nxd4 a6 5. Nc3 Qc7 6. Bd3 Nf6 7. O-O d6 8. f4
b5 9. Kh1 Bb7 10. Qe2 Nbd7 11. Bd2 Nc5 12. b4 Nxd3 13. cxd3 Be7 14. Rac1 Qd7
15. Be3 O-O 16. Nb3 Rac8 17. Bd4 Ne8 18. Qe3 f5 19. Rce1 Bh4 20. Rc1 Qf7 21.
Kg1 Bd8 22. e5 dxe5 23. fxe5 Nc7 24. Bc5 Re8 25. Bd6 Qg6 26. Qe2 Bg5 27. Rc2
Nd5 28. Nxd5 Rxc2 29. Ne7+ Bxe7 30. Qxc2 Rc8 31. Bc5 Bd5 32. Qe2 Bxb3 33. axb3
Bxc5+ 34. bxc5 Rxc5 35. d4 Rd5 36. Ra1 Rxd4 37. Rxa6 h6 38. Rd6 Rg4 39. h3 Rg3
40. Rd3 f4 41. Rf3 Qg5 42. Kf1 Rxf3+ 43. gxf3 Qg3 44. Qxb5 Qxf3+ 45. Ke1 Qe3+
46. Kd1 f3 47. Qe8+ Kh7 48. Qxe6 Qd3+ 0-1

[Event "First Saturday GM Feb 2014"]
[Site "Budapest"]
[Date "2014.02.04"]
[Round "4.5"]
[White "Skytte, Rasmus"]
[Black "Czebe, Attila"]
[Result "1/2-1/2"]
[WhiteElo "2416"]
[BlackElo "2452"]
[PlyCount "44"]
[EventDate "2014.02.01"]

1. d4 Nf6 2. c4 b6 3. Nc3 Bb7 4. Nf3 g6 5. Qc2 d5 6. cxd5 Nxd5 7. e4 Nxc3 8.
bxc3 Bg7 9. Bb5+ c6 10. Bc4 Qc8 11. O-O Ba6 12. Bxa6 Qxa6 13. Bg5 Nd7 14. Rfe1
e5 15. Nxe5 Nxe5 16. dxe5 Bxe5 17. f4 h6 18. fxe5 hxg5 19. Qd2 Qb5 20. Qxg5 O-O
21. Rad1 Rae8 22. Rd6 Rxe5 1/2-1/2

[Event "First Saturday GM Feb 2014"]
[Site "Budapest"]
[Date "2014.02.05"]
[Round "5.1"]
[White "Czebe, Attila"]
[Black "Nikcevic, Nebojsa"]
[Result "0-1"]
[WhiteElo "2452"]
[BlackElo "2429"]
[PlyCount "48"]
[EventDate "2014.02.01"]

1. c4 c5 2. Nf3 Nc6 3. Nc3 Nf6 4. d4 cxd4 5. Nxd4 e6 6. g3 Qb6 7. Nb3 Ne5 8. e4
Bb4 9. Qe2 d6 10. f4 Nc6 11. Be3 Qc7 12. Bg2 Bxc3+ 13. bxc3 O-O 14. O-O b6 15.
Rad1 Ba6 16. e5 dxe5 17. fxe5 Nd5 18. Bxd5 exd5 19. Rxd5 Rae8 20. Bf4 Ne7 21.
Rd4 Nf5 22. Re4 Bb7 23. Nd2 f6 24. exf6 Qc5+ 0-1

[Event "First Saturday GM Feb 2014"]
[Site "Budapest"]
[Date "2014.02.05"]
[Round "5.2"]
[White "Nguyen, Huynh Minh Huy"]
[Black "Skytte, Rasmus"]
[Result "1-0"]
[WhiteElo "2466"]
[BlackElo "2416"]
[PlyCount "87"]
[EventDate "2014.02.01"]

1. d4 g6 2. Nf3 Bg7 3. g3 f5 4. Bg2 Nf6 5. O-O O-O 6. b3 Ne4 7. Bb2 c5 8. Qc1
cxd4 9. Bxd4 Nf6 10. c4 d6 11. Bb2 Nc6 12. Nc3 Kh8 13. Rd1 Be6 14. Nd5 Rc8 15.
Qd2 b6 16. Bc3 Bg8 17. Qb2 e5 18. Nxf6 Qxf6 19. Rd2 Rfd8 20. Rad1 h6 21. Ne1
Qe7 22. Nd3 Na5 23. Nb4 Bxc4 24. bxc4 Nxc4 25. Qb3 Nxd2 26. Bxd2 e4 27. Nd5 Qe6
28. Be3 Kh7 29. h4 Be5 30. Bh3 Qf7 31. Qa4 Qd7 32. Qb4 Rc2 33. h5 gxh5 34. Bf4
Qf7 35. Ne3 Rb2 36. Qc4 Qxc4 37. Nxc4 Kg8 38. Bxe5 Rxe2 39. Nxd6 Rf8 40. Rc1 e3
41. fxe3 Rxe3 42. Bf4 Re2 43. a3 Rf6 44. Rd1 1-0

[Event "First Saturday GM Feb 2014"]
[Site "Budapest"]
[Date "2014.02.05"]
[Round "5.3"]
[White "Lundin, Jan"]
[Black "Szabo, Krisztian"]
[Result "0-1"]
[WhiteElo "2320"]
[BlackElo "2564"]
[PlyCount "134"]
[EventDate "2014.02.01"]

1. d4 Nf6 2. Nf3 g6 3. Bg5 Bg7 4. c3 O-O 5. Nbd2 d6 6. e4 c5 7. dxc5 dxc5 8.
Be2 Nc6 9. O-O Qc7 10. Re1 h6 11. Be3 b6 12. h3 Nh5 13. Bf1 Nf4 14. a4 g5 15.
Bxf4 Qxf4 16. g3 Qc7 17. Nc4 Bb7 18. Ne3 Rad8 19. Qc2 e6 20. Bg2 Ba6 21. Rad1
Ne7 22. h4 Rxd1 23. Rxd1 gxh4 24. Nxh4 Rd8 25. Ng4 Nc6 26. Bf1 Bb7 27. Be2
Rxd1+ 28. Bxd1 Ne5 29. f4 Nxg4 30. Bxg4 c4 31. e5 Qc5+ 32. Kh2 Bc6 33. Bf3 Be8
34. Ng2 Bf8 35. Bd1 Bc6 36. Qe2 Qd5 37. Bc2 Bc5 38. f5 exf5 39. Bxf5 Kf8 40.
Bh3 Qe4 41. Qd2 Kg7 42. e6 Qb1 43. Ne1 fxe6 44. Qe2 Qe4 45. Qf1 Bxa4 46. Bg2
Qe3 47. Qxc4 Bd1 48. Qf1 Be2 49. Nc2 Qd2 50. Qb1 Bd3 51. Qe1 Qxe1 52. Nxe1 Bc4
53. Be4 Be2 54. Kg2 Kf6 55. Nd3 Be3 56. Bh7 a5 57. Be4 Ke7 58. Ne5 Kd6 59. Bd3
Bxd3 60. Nxd3 Kd5 61. Kf3 Bg5 62. b3 Bd2 63. c4+ Kd4 64. Ke2 Bg5 65. g4 Be7 66.
Kd2 Bb4+ 67. Kc2 Ke4 0-1

[Event "First Saturday GM Feb 2014"]
[Site "Budapest"]
[Date "2014.02.05"]
[Round "5.4"]
[White "Korpa, Bence"]
[Black "Kantor, Gergely"]
[Result "1-0"]
[WhiteElo "2403"]
[BlackElo "2328"]
[PlyCount "87"]
[EventDate "2014.02.01"]

1. e4 c5 2. Nf3 e6 3. c3 d5 4. exd5 Qxd5 5. d4 Nf6 6. Na3 Qd8 7. Nc4 Be7 8. Bd3
O-O 9. dxc5 Bxc5 10. Bg5 Nbd7 11. Qc2 h6 12. Bh4 Be7 13. O-O Nh5 14. Bxe7 Qxe7
15. Rad1 Nf4 16. Bh7+ Kh8 17. Be4 f5 18. Bd3 b6 19. Qd2 Nxd3 20. Qxd3 Nc5 21.
Qe3 Ba6 22. Nce5 Qf6 23. c4 Rfd8 24. Rd4 Bb7 25. Rfd1 Kh7 26. b4 Bxf3 27. gxf3
Na6 28. a3 Nc7 29. Rd7 Ne8 30. f4 Rxd7 31. Rxd7 Qh4 32. Qd4 Nf6 33. Rc7 Nh5 34.
Rd7 Nxf4 35. Kf1 Qg5 36. Ke1 Ng2+ 37. Kd1 Qf6 38. f4 Rc8 39. Kc2 Rf8 40. Qf2
Nh4 41. Rxa7 Kg8 42. Qg1 g5 43. Qxb6 Re8 44. Qc7 1-0

[Event "First Saturday GM Feb 2014"]
[Site "Budapest"]
[Date "2014.02.05"]
[Round "5.5"]
[White "Wang, Puchen"]
[Black "Drozdowski, Kacper"]
[Result "1-0"]
[WhiteElo "2458"]
[BlackElo "2466"]
[PlyCount "95"]
[EventDate "2014.02.01"]

1. Nf3 d5 2. c4 c6 3. e3 Nf6 4. Nc3 a6 5. Qc2 e6 6. b3 c5 7. Be2 Nc6 8. O-O d4
9. exd4 Nb4 10. Qb1 cxd4 11. Na4 d3 12. Bd1 Bd6 13. Ba3 a5 14. Bb2 O-O 15. a3
Nc6 16. Ne1 Ne4 17. Qxd3 Nxd2 18. Bc2 f5 19. Rd1 Bf4 20. Qc3 Qg5 21. h4 Qh6 22.
g3 Nxf1 23. gxf4 e5 24. Ng2 b5 25. cxb5 Nd4 26. Kxf1 Bd7 27. fxe5 Bxb5+ 28. Bd3
Bxd3+ 29. Qxd3 Ne6 30. Qf3 Rad8 31. Kg1 Rxd1+ 32. Qxd1 Rd8 33. Qf3 f4 34. Nc3
Qg6 35. Ne4 h5 36. Nd6 Kh7 37. Kh2 Rf8 38. Bc3 Qg4 39. Qe4+ Kh8 40. f3 Qg3+ 41.
Kg1 g5 42. Qg6 Qh3 43. hxg5 h4 44. a4 Qxf3 45. Qh6+ Kg8 46. Qxe6+ Kh8 47. Qh6+
Kg8 48. g6 1-0

[Event "First Saturday GM Feb 2014"]
[Site "Budapest"]
[Date "2014.02.07"]
[Round "6.1"]
[White "Nikcevic, Nebojsa"]
[Black "Drozdowski, Kacper"]
[Result "0-1"]
[WhiteElo "2429"]
[BlackElo "2466"]
[PlyCount "94"]
[EventDate "2014.02.01"]

1. c4 e6 2. d4 d5 3. Nc3 c6 4. e4 dxe4 5. Nxe4 Bb4+ 6. Nc3 c5 7. Be3 Qa5 8.
Nge2 Ne7 9. a3 Bxc3+ 10. Nxc3 Nf5 11. dxc5 Nxe3 12. fxe3 Qxc5 13. Qd4 Nd7 14.
Qxg7 Qxe3+ 15. Be2 Qe5 16. Qh6 Qf6 17. Qxf6 Nxf6 18. O-O Ke7 19. Rf3 Ng4 20.
Rg3 Ne5 21. Re3 f6 22. Ne4 Nc6 23. Nc5 Nd4 24. Rd1 Nxe2+ 25. Rxe2 e5 26. Rd3 b6
27. Ne4 Be6 28. Rf2 Rad8 29. Rxd8 Rxd8 30. g4 Rf8 31. h3 Bxc4 32. Ng3 Bd3 33.
Rd2 Bg6 34. Kf2 Ke6 35. Ke3 Rh8 36. Ne4 h5 37. Nf2 Rc8 38. Kf3 h4 39. Ne4 Bxe4+
40. Kxe4 Rc4+ 41. Kf3 Rc1 42. Rd8 Rg1 43. Re8+ Kf7 44. Ra8 Rg3+ 45. Ke4 Rxh3
46. Rxa7+ Kg6 47. Kd5 Rd3+ 0-1

[Event "First Saturday GM Feb 2014"]
[Site "Budapest"]
[Date "2014.02.07"]
[Round "6.2"]
[White "Kantor, Gergely"]
[Black "Wang, Puchen"]
[Result "0-1"]
[WhiteElo "2328"]
[BlackElo "2458"]
[PlyCount "110"]
[EventDate "2014.02.01"]

1. d4 d5 2. c4 c6 3. Nf3 Nf6 4. Nc3 e6 5. Bg5 h6 6. Bxf6 Qxf6 7. e3 Nd7 8. Bd3
dxc4 9. Bxc4 g6 10. O-O Bg7 11. Rc1 O-O 12. Bb3 Qe7 13. Na4 e5 14. Qc2 Kh7 15.
Rfe1 Rb8 16. h3 b6 17. dxe5 c5 18. e6 fxe6 19. Qe4 Nf6 20. Qh4 Nd5 21. Qg3 Qc7
22. Qxc7 Nxc7 23. Bc2 Nd5 24. Nh4 Ne7 25. Be4 Bf6 26. Nf3 Bd7 27. Nc3 Kg7 28.
Red1 Rbd8 29. b3 Bxc3 30. Rxc3 Bc6 31. Rxd8 Rxd8 32. Bxc6 Rd1+ 33. Kh2 Nxc6 34.
a3 a5 35. Kg3 Kf6 36. Kf4 Ra1 37. Nd2 g5+ 38. Kg3 Ne7 39. Rd3 Nf5+ 40. Kh2 Rxa3
41. Nc4 Ra2 42. Nxb6 Rxf2 43. Nd7+ Ke7 44. Nxc5 Nh4 45. e4 Rc2 46. Nb7 Nxg2 47.
Kh1 Nf4 48. Re3 Ra2 49. e5 Kf7 50. Rc3 Kg6 51. Nd6 Kh5 52. Nf7 Kh4 53. Nxh6 Ne2
54. Rf3 Ng3+ 55. Kg1 Kxh3 0-1